Záhrady, lúky sú samé zvuky ; Ilustr. Beáta Nágelová

Bibliographic Details
Other Authors: Nágelová, Beata, 1953- (Illustrator)
Format: Article
Language:Slovak
Subjects:

MARC

LEADER 00000nab a2200000 a 4500
001 vtls000626272
003 SK-MaSNL
005 20260303230603.0
008 160314c1997 xo 0 slo
015 |a SNBRB19rr/mm-uuuuu 
035 |a CL0626411 
040 |a SNKBUCL  |b slo  |c SNKBUCL  |e AACR2 
041 0 |a slo 
044 |a xo  |c SK 
080 |a 885.4-1  |2 1981 
080 |a 398.8(=854)  |2 1981 
080 |a 398.6(=854)  |2 1981 
245 0 0 |a Záhrady, lúky sú samé zvuky ; Ilustr. Beáta Nágelová 
650 0 7 |a rečňovanky ľudové  |2 snkbucl  |9 710580 
650 0 7 |a príslovia  |2 snkbucl  |9 1251 
650 0 7 |a hádanky  |2 snkbucl  |9 1511 
700 1 |a Nágelová, Beata,  |d 1953-  |4 ill  |9 88344 
773 0 |t Včielka  |g Roč. 39, č. 9 (1997), s. 3 
850 |a Slovenská národná knižnica v Martine  |a MTA001 
852 |a SNK  |b KIS3GCP 
958 |a LX 
958 |a SK 
958 |a RK 
958 |a RBX 
999 |c 2263005  |d 2264935